Les joueurs du triplé de l'Espagne (2008 2010 2012) - Statistiques

Statistiques générales
  • Ce quiz a été pris 502 fois
  • Le résultat moyen est 45 sur 72
Statistiques - réponses
Poste Joueurs % Correct
M Andrés Iniesta
99%
M Andrés Iniesta
99%
M Andrés Iniesta
99%
G Iker Casillas
98%
G Iker Casillas
98%
G Iker Casillas
98%
D Sergio Ramos
98%
D Sergio Ramos
98%
D Sergio Ramos
98%
M Xavi
98%
M Xavi
98%
M Xavi
98%
D Gerard Piqué
96%
D Gerard Piqué
96%
A David Villa
95%
A David Villa
95%
D Carles Puyol
92%
D Carles Puyol
92%
A Fernando Torres
91%
A Fernando Torres
91%
A Fernando Torres
91%
M Sergio Busquets
88%
M Sergio Busquets
88%
D Jordi Alba
86%
G Victor Valdés
82%
G Victor Valdés
82%
A Pedro
78%
A Pedro
78%
M Xabi Alonso
77%
M Xabi Alonso
77%
M Xabi Alonso
77%
M Cesc Fabregas
73%
M Cesc Fabregas
73%
M Cesc Fabregas
73%
M David Silva
70%
M David Silva
70%
M David Silva
70%
Entr Vicente Del Bosque
66%
Entr Vicente Del Bosque
66%
G Pepe Reina
56%
G Pepe Reina
56%
G Pepe Reina
56%
D Joan Capdevilla
55%
D Joan Capdevilla
55%
D Alvaro Arbeloa
51%
D Alvaro Arbeloa
51%
D Alvaro Arbeloa
51%
A Jesus Navas
41%
A Jesus Navas
41%
M Juan Mata
41%
M Juan Mata
41%
D Raul Albiol
41%
D Raul Albiol
41%
D Raul Albiol
41%
A Fernando Llorente
31%
A Fernando Llorente
31%
M Marcos Senna
31%
M Santiago Cazorla
30%
M Santiago Cazorla
30%
M Javi Martinez
28%
M Javi Martinez
28%
D Juanfran
24%
A Alvaro Negredo
22%
Entr Luis Aragonés
22%
D Carlos Marchena
17%
D Carlos Marchena
17%
A Sergio Garcia
15%
A Daniel Guiza
11%
G Andrés Palop
7%
D Juanito
6%
M Ruben De la Red
6%
D Fernando Navarro
4%
Aucun quiz correspondant
Distribution des résultats
% des personnes avec chaque résultat
Percentile par nombre de réponses
Votre historique - résultats
Vous n’avez pas pris ce quiz